La Asociación Latinoamericana de Libre Comercio : conceptos generales y documentos /
Este primer volumen comprende diferentes documentos relacionados con el intercambio económico en Latinoamérica, son precedidos por una breve exposición de los principales aspectos e ideas acerca de los factores determinantes, orígenes e ideas acerca de los diferentes tipos de integración económica;...
Tallennettuna:
| Yhteisötekijä: | |
|---|---|
| Muut tekijät: | |
| Aineistotyyppi: | Kirja |
| Kieli: | espanja |
| Julkaistu: |
México :
Secretaría de Hacienda y Crédito Público, Dirección General de Estudios Hacendarios,
1960
|
| Aiheet: | |
| Tagit: |
Ei tageja, Lisää ensimmäinen tagi!
|
MARC
| LEADER | 00000nam^a2200000^a^4500 | ||
|---|---|---|---|
| 001 | 000125454 | ||
| 005 | 20250521000000.0 | ||
| 009 | 20260310094650.467 | ||
| 037 | |a Acervo ITESO - Biblioteca | ||
| 041 | |a ESP | ||
| 082 | |a 382. 980 |b ASO | ||
| 110 | |a Asociación Latinoamericana de Libre Comercio | ||
| 240 | 1 | 4 | |a [La Asociación Latinoamericana de Libre Comercio] |
| 245 | 1 | 3 | |a La Asociación Latinoamericana de Libre Comercio : |b conceptos generales y documentos / |c Asociación Latinoamericana de Libre Comercio ; pról. de A. Ortiz Mena. |
| 264 | 1 | |a México : |b Secretaría de Hacienda y Crédito Público, Dirección General de Estudios Hacendarios, |c 1960 | |
| 300 | |a 267 p. | ||
| 336 | |a texto |b txt |2 rdacontenido | ||
| 337 | |a sin mediación |b n |2 rdamedio | ||
| 338 | |a volumen |b nc |2 rdasoporte | ||
| 520 | |a Este primer volumen comprende diferentes documentos relacionados con el intercambio económico en Latinoamérica, son precedidos por una breve exposición de los principales aspectos e ideas acerca de los factores determinantes, orígenes e ideas acerca de los diferentes tipos de integración económica; los objetivos y los alcances específicos de un mercado común, unión aduanera o zona de libre comercio, y en concreto de las principales ideas que se refieren a la integración económica latinoamericana. | ||
| 649 | |a XX | ||
| 650 | |a Latinoamérica - |x Condiciones Económicas | ||
| 650 | |a Apertura Comercial e Integración Económica - |z Latinoamérica | ||
| 650 | |a Desarrollo Económico-Social - |z Latinoamérica | ||
| 650 | |a Tratados Comerciales Internacionales | ||
| 650 | |a Comercio Internacional - |z Latinoamérica | ||
| 650 | |a Relaciones Internacionales - |z Latinoamérica | ||
| 650 | |a Política Económica - |z Latinoamérica | ||
| 650 | |a Economía - |z Latinoamérica | ||
| 700 | |a Ortiz Mena, Antonio |e (prólogo) | ||
| 910 | |a Fondo Salvador Reynoso Reynoso | ||
| 920 | |a Impresos - Libros | ||
| 930 | |a Fondos Especiales | ||
| 905 | |a 112 | ||
| 901 | |a 0800008219 |b IT2 |c ESP |u 20250521 | ||
| 902 | |a https://opac.biblio.iteso.mx/vufind/Record/000125454 | ||